[Event "Bekasi Scua op 2nd"]
[Site "Bekasi"]
[Date "2022.04.17"]
[Round "9"]
[White "Gunawan, Johan"]
[Black "Marentek, Hanny"]
[Result "1-0"]
[WhiteElo "2135"]
[BlackElo "2028"]
[PlyCount "54"]
[EventDate "2022.04.13"]
[EventType "swiss"]
[EventRounds "9"]
[EventCountry "INA"]
[SourceTitle "EXT 2023"]
[Source "ChessBase"]
[SourceDate "2022.10.05"]
[SourceVersion "1"]
[SourceVersionDate "2022.10.05"]
[SourceQuality "1"]

1. d4 Nf6 2. Nf3 d5 3. Bf4 e6 4. e3 c5 5. Nbd2 Nc6 6. c3 Bd6 7. dxc5 Bxc5 8. Bd3 Bd6 9. Bxd6 Qxd6 10. e4 0-0 11. 0-0 Rd8 12. Bc2 Qc7 13. Qe2 dxe4 14. Nxe4 Qe7 15. Rfe1 Bd7 16. h3 Be8 17. Ng3 Qc5 18. Rac1 a5 19. Bb1 Rd6 20. Qc2 g6 21. Rcd1 Rad8 22. Rxd6 Qxd6 23. Qc1 Kg7 24. Qg5 Qd5 25. Qf4 Qd6 26. Qh4 h6 27. Bc2 Qc5 1-0

[Event "Bekasi Scua op 2nd"]
[Site "Bekasi"]
[Date "2022.04.14"]
[Round "3"]
[White "Endi, Gunawan"]
[Black "Gunawan, Johan"]
[Result "1-0"]
[WhiteElo "1892"]
[BlackElo "2135"]
[PlyCount "53"]
[EventDate "2022.04.13"]
[EventType "swiss"]
[EventRounds "9"]
[EventCountry "INA"]
[SourceTitle "EXT 2023"]
[Source "ChessBase"]
[SourceDate "2022.10.05"]
[SourceVersion "1"]
[SourceVersionDate "2022.10.05"]
[SourceQuality "1"]

1. d4 Nf6 2. Nf3 g6 3. c4 Bg7 4. Nc3 0-0 5. e4 d6 6. Be2 Bg4 7. 0-0 Nfd7 8. Be3 Nc6 9. d5 Bxf3 10. Bxf3 Na5 11. Be2 Bxc3 12. bxc3 e6 13. f4 Re8 14. Qa4 b6 15. Bf3 e5 16. f5 gxf5 17. exf5 Kh8 18. Be4 Kg8 19. Rf3 Nf6 20. Rh3 Ng4 21. Bd2 Qf6 22. Rf1 Nb7 23. Qd1 Qg7 24. Rg3 h5 25. h3 Nf6 26. Rxg7+ Kxg7 27. Bf3 1-0

[Event "Bekasi Scua op 1st"]
[Site "Bekasi"]
[Date "2022.01.13"]
[Round "3"]
[White "Latifah, Laysa"]
[Black "Gunawan, Johan"]
[Result "0-1"]
[WhiteElo "1897"]
[BlackElo "2113"]
[PlyCount "140"]
[EventDate "2022.01.12"]
[EventType "swiss"]
[EventRounds "9"]
[EventCountry "INA"]
[SourceTitle "CBM 206 Extra"]
[Source "ChessBase"]
[SourceDate "2022.03.31"]
[SourceVersion "1"]
[SourceVersionDate "2022.03.31"]
[SourceQuality "1"]

1. e4 d5 2. exd5 Nf6 3. d4 Nxd5 4. c4 Nb6 5. h3 e5 6. Be3 Bb4+ 7. Nc3 exd4 8. Qxd4 Qxd4 9. Bxd4 Nc6 10. Bxg7 Rg8 11. Bh6 Be6 12. 0-0-0 Bxc3 13. bxc3 Nxc4 14. Bf4 Nb6 15. Kb2 Nd5 16. Bg3 Ne3 17. Re1 Nxf1 18. Rxf1 0-0-0 19. Nf3 Bd5 20. Nh4 Na5 21. Rd1 Nc4+ 22. Kc1 Be4 23. Bf4 Nb6 24. Rhe1 Rxd1+ 25. Rxd1 Nd5 26. Bd2 c6 27. g4 Re8 28. Re1 Re6 29. Kd1 b5 30. f3 Bd3 31. Ng2 Rd6 32. Kc1 Bc4 33. Kc2 a5 34. a3 a4 35. h4 Bb3+ 36. Kc1 Nb6 37. Ne3 Rd3 38. f4 Nd7 39. Nf5 Nc5 40. Re3 Be6 41. Rxd3 Nxd3+ 42. Kc2 Bxf5 43. gxf5 Nf2 44. Be3 Ng4 45. Bd4 Nh6 46. f6 Nf5 47. Bf2 Kd7 48. c4 bxc4 49. Kc3 Nd6 50. Bc5 Ne4+ 51. Kxc4 Nxf6 52. Bd4 Nd5 53. Be5 h5 54. Kc5 f6 55. Bb8 Ne3 56. Kb4 Nf5 57. Kxa4 Nxh4 58. Kb4 Nf5 59. Ba7 h4 60. Bg1 h3 61. a4 Nh4 62. Bh2 Nf3 63. Bg3 f5 64. a5 Nd2 65. Bh2 Kc7 66. Kc5 Nb3+ 67. Kb4 Nxa5 68. Kxa5 Kd6 69. Kb4 Kd5 70. Kc3 Ke4 0-1

[Event "Bekasi Scua op 1st"]
[Site "Bekasi"]
[Date "2022.01.12"]
[Round "1"]
[White "Surya, Cleon Amadeus"]
[Black "Gunawan, Johan"]
[Result "0-1"]
[WhiteElo "1629"]
[BlackElo "2113"]
[PlyCount "24"]
[EventDate "2022.01.12"]
[EventType "swiss"]
[EventRounds "9"]
[EventCountry "INA"]
[SourceTitle "CBM 206 Extra"]
[Source "ChessBase"]
[SourceDate "2022.03.31"]
[SourceVersion "1"]
[SourceVersionDate "2022.03.31"]
[SourceQuality "1"]

1. b3 e5 2. Bb2 Nc6 3. e3 d5 4. Bb5 Bd6 5. f4 f6 6. Nf3 exf4 7. Nd4 Nge7 8. Qh5+ g6 9. Qh6 Kf7 10. Bxc6 bxc6 11. 0-0 Ba6 12. Rf3 c5 0-1

[Event "Jakarta Hayandra"]
[Site "Jakarta"]
[Date "2020.10.25"]
[Round "9"]
[White "Gunawan, Johan"]
[Black "Malik, Jan Adiar"]
[Result "1/2-1/2"]
[WhiteElo "2098"]
[BlackElo "1857"]
[PlyCount "60"]
[EventDate "2020.10.21"]
[EventType "tourn"]
[EventRounds "10"]
[EventCountry "INA"]
[SourceTitle "CBM 199 Extra"]
[Source "ChessBase"]
[SourceDate "2021.01.31"]
[SourceVersion "1"]
[SourceVersionDate "2021.01.31"]
[SourceQuality "1"]

1. e4 c5 2. Nf3 d6 3. b3 Nc6 4. Bb5 Bg4 5. Bxc6+ bxc6 6. d3 Nf6 7. Nbd2 g6 8. Bb2 Bg7 9. 0-0 0-0 10. Re1 d5 11. h3 Bxf3 12. Nxf3 e6 13. Qe2 Qb6 14. Rab1 a5 15. a4 Ra7 16. Be5 Rd7 17. Qe3 Rfd8 18. Qc1 Ne8 19. Bxg7 Nxg7 20. Qb2 d4 21. Qc1 f6 22. Nd2 e5 23. Nc4 Qc7 24. Qd2 Ra8 25. f4 Rf7 26. fxe5 fxe5 27. Rf1 Ne6 28. Rxf7 Kxf7 29. Rf1+ Kg7 30. Rf3 h5 1/2-1/2

[Event "Jakarta Hayandra"]
[Site "Jakarta"]
[Date "2020.10.24"]
[Round "8"]
[White "Gunawan, Johan"]
[Black "Hendry, Y Heriyanto"]
[Result "1/2-1/2"]
[WhiteElo "2098"]
[BlackElo "2100"]
[PlyCount "60"]
[EventDate "2020.10.21"]
[EventType "tourn"]
[EventRounds "10"]
[EventCountry "INA"]
[SourceTitle "CBM 199 Extra"]
[Source "ChessBase"]
[SourceDate "2021.01.31"]
[SourceVersion "1"]
[SourceVersionDate "2021.01.31"]
[SourceQuality "1"]

1. d4 Nf6 2. Bf4 e6 3. Nf3 d5 4. e3 Bd6 5. Nbd2 c6 6. Bd3 Qc7 7. Bg3 Nbd7 8. c4 Nf8 9. Ne5 Ng6 10. f4 dxc4 11. Ndxc4 Bb4+ 12. Kf2 Ne7 13. a3 Bd6 14. f5 Nxf5 15. Bxf5 exf5 16. Nxd6+ Qxd6 17. Nxf7 Qe7 18. Nd6+ Kd8 19. Qf3 Ne4+ 20. Nxe4 Qxe4 21. Qxe4 fxe4 22. h4 h5 23. Bf4 Rf8 24. Rac1 Be6 25. Rc5 Bd5 26. Rh3 Ke7 27. Rg3 Kf7 28. Rg5 g6 29. b4 Rad8 30. a4 a6 1/2-1/2

[Event "Jakarta Peduli"]
[Site "Jakarta"]
[Date "2020.10.08"]
[Round "7"]
[White "Gunawan, Johan"]
[Black "Malik, Jan Adiar"]
[Result "1/2-1/2"]
[WhiteElo "2098"]
[BlackElo "1857"]
[PlyCount "60"]
[EventDate "2020.10.03"]
[EventType "tourn"]
[EventRounds "10"]
[EventCountry "INA"]
[SourceTitle "EXT 2022"]
[Source "ChessBase"]
[SourceDate "2021.10.06"]
[SourceVersion "1"]
[SourceVersionDate "2021.10.06"]
[SourceQuality "1"]

1. e4 d5 2. exd5 Qxd5 3. Nc3 Qa5 4. d4 c6 5. Nf3 Nf6 6. h3 Bf5 7. Bd3 Bxd3 8. Qxd3 e6 9. Bg5 Nbd7 10. 0-0-0 Bb4 11. Kb1 Bxc3 12. Qxc3 Qxc3 13. bxc3 0-0 14. Bxf6 Nxf6 15. Rhe1 Rad8 16. c4 h6 17. c5 Rfe8 18. c3 Kf8 19. Kc2 Re7 20. Ne5 Nd7 21. Nxd7+ Rdxd7 22. Re5 Rd5 23. Rde1 Rxe5 24. Rxe5 Rd7 25. g3 Rd5 26. Rxd5 exd5 27. f3 Ke7 28. Kd3 Ke6 29. Ke3 g5 30. g4 f6 1/2-1/2

[Event "Jakarta Peduli"]
[Site "Jakarta"]
[Date "2020.10.05"]
[Round "4"]
[White "Supriyono, Eko"]
[Black "Gunawan, Johan"]
[Result "1/2-1/2"]
[WhiteElo "2198"]
[BlackElo "2098"]
[PlyCount "64"]
[EventDate "2020.10.03"]
[EventType "tourn"]
[EventRounds "10"]
[EventCountry "INA"]
[SourceTitle "EXT 2022"]
[Source "ChessBase"]
[SourceDate "2021.10.06"]
[SourceVersion "1"]
[SourceVersionDate "2021.10.06"]
[SourceQuality "1"]

1. c4 c6 2. Nc3 d5 3. cxd5 cxd5 4. d4 Nf6 5. Nf3 Nc6 6. e3 a6 7. h3 Bf5 8. Be2 e6 9. 0-0 Bd6 10. a3 0-0 11. Bd2 Rc8 12. Rc1 Bb8 13. Re1 Ne4 14. Nxe4 Bxe4 15. Bf1 Qd6 16. g3 Rfe8 17. Bg2 b5 18. Qe2 h6 19. Bc3 Qe7 20. Red1 Bd6 21. h4 Qb7 22. b4 Qb8 23. Bb2 Ne7 24. Rxc8 Nxc8 25. Nd2 Bxg2 26. Kxg2 Nb6 27. Rc1 Rc8 28. Qd1 Rxc1 29. Qxc1 Nc4 30. Nxc4 dxc4 31. Bc3 Qb7+ 32. f3 f5 1/2-1/2

[Event "Jakarta Peduli"]
[Site "Jakarta"]
[Date "2020.10.03"]
[Round "1"]
[White "Hendry, Y Heriyanto"]
[Black "Gunawan, Johan"]
[Result "0-1"]
[WhiteElo "2100"]
[BlackElo "2098"]
[PlyCount "105"]
[EventDate "2020.10.03"]
[EventType "tourn"]
[EventRounds "10"]
[EventCountry "INA"]
[SourceTitle "EXT 2022"]
[Source "ChessBase"]
[SourceDate "2021.10.06"]
[SourceVersion "1"]
[SourceVersionDate "2021.10.06"]
[SourceQuality "1"]

1. Nf3 Nf6 2. d4 g6 3. g3 Bg7 4. Bg2 0-0 5. 0-0 d6 6. c4 Nc6 7. Nc3 Bg4 8. h3 Bxf3 9. exf3 Nd7 10. Be3 e5 11. d5 Nd4 12. Bxd4 exd4 13. Nb5 a6 14. Nxd4 Qf6 15. Nc2 Qxb2 16. Rb1 Qxa2 17. Rxb7 Rfc8 18. Ne3 Nc5 19. Rb4 Rcb8 20. Qb1 Qxb1 21. Rbxb1 Rxb1 22. Rxb1 a5 23. Nc2 a4 24. Na3 Nb3 25. f4 Bd4 26. Bf1 Bc5 27. Nc2 Nd2 28. Ra1 a3 29. Ra2 Ne4 30. Kg2 Nc3 31. Ra1 a2 32. Bd3 Rb8 33. Rf1 Rb1 34. Na1 Rxa1 35. Rxa1 Ba3 36. c5 Bb2 37. Rxa2 Nxa2 38. Bc4 Nc3 39. c6 Ba3 40. Bb3 f5 41. f3 Kf7 42. Kf2 Bc1 43. Bc4 Ke7 44. h4 Kd8 45. Bb3 Kc8 46. g4 Bxf4 47. gxf5 gxf5 48. Bc2 Kd8 49. Bxf5 h6 50. Be6 Ke7 51. Kg2 Nd1 52. Kf1 Kf6 53. Ke2 0-1

[Event "Jakarta Gunadarma"]
[Site "Jakarta"]
[Date "2018.07.29"]
[Round "10"]
[White "Jurmansah, Joni"]
[Black "Gunawan, Johan"]
[Result "1/2-1/2"]
[WhiteElo "2204"]
[BlackElo "2261"]
[PlyCount "105"]
[EventDate "2018.07.20"]
[EventType "tourn"]
[EventRounds "10"]
[EventCountry "INA"]
[SourceTitle "CBM 186 Extra"]
[Source "ChessBase"]
[SourceDate "2018.08.24"]
[SourceVersion "1"]
[SourceVersionDate "2018.08.24"]
[SourceQuality "1"]

1. e4 d5 2. Nc3 d4 3. Nce2 e5 4. d3 Nc6 5. Nf3 Nf6 6. Ng3 h5 7. h4 Bg4 8. Be2 Bb4+ 9. Kf1 Be7 10. Bg5 Nd7 11. Qc1 Nc5 12. a3 a5 13. Rb1 a4 14. Ng1 g6 15. Bxg4 hxg4 16. Bxe7 Qxe7 17. h5 0-0-0 18. Qd2 Qe6 19. hxg6 Rxh1 20. Nxh1 f5 21. Ng3 fxe4 22. Nxe4 Nxe4 23. dxe4 Qxg6 24. Qd3 Rf8 25. b3 Nd8 26. bxa4 Ne6 27. Re1 g3 28. f3 Nf4 29. Qb5 Qh5 30. Qb4 Qh6 31. Rb1 Qa6+ 32. Qb5 Rh8 33. Nh3 c6 34. Qxa6 bxa6 35. Rb6 Kc7 36. Rxa6 Nxh3 37. gxh3 Rxh3 38. Kg2 Rh2+ 39. Kxg3 Rxc2 40. Ra7+ Kd6 41. f4 exf4+ 42. Kf3 d3 43. Ra8 Ke7 44. Ra7+ Ke6 45. Ra8 c5 46. a5 Rc1 47. Rd8 c4 48. a6 Rf1+ 49. Kg4 Ra1 50. Kxf4 c3 51. Ke3 c2 52. Rc8 Rxa3 53. a7 1/2-1/2

[Event "Jakarta Gunadarma"]
[Site "Jakarta"]
[Date "2018.07.27"]
[Round "8"]
[White "Rismanto, Ricky"]
[Black "Gunawan, Johan"]
[Result "1-0"]
[WhiteElo "2093"]
[BlackElo "2261"]
[PlyCount "77"]
[EventDate "2018.07.20"]
[EventType "tourn"]
[EventRounds "10"]
[EventCountry "INA"]
[SourceTitle "CBM 186 Extra"]
[Source "ChessBase"]
[SourceDate "2018.08.24"]
[SourceVersion "1"]
[SourceVersionDate "2018.08.24"]
[SourceQuality "1"]

1. d4 Nf6 2. c4 e6 3. Nf3 b6 4. g3 Ba6 5. Qc2 Bb4+ 6. Bd2 Qe7 7. Bg2 Bb7 8. a3 Bxd2+ 9. Nbxd2 d6 10. e4 Nbd7 11. 0-0 0-0 12. e5 dxe5 13. dxe5 Ng4 14. Rae1 Rad8 15. h4 Ba8 16. Ng5 g6 17. Bxa8 Rxa8 18. Ndf3 Rad8 19. Qe4 h5 20. b4 a5 21. Qb1 axb4 22. axb4 b5 23. c5 Nb8 24. Rd1 Rxd1 25. Rxd1 Rd8 26. Rxd8+ Qxd8 27. Nxe6 fxe6 28. Qxg6+ Kf8 29. Qxh5 Qd1+ 30. Kg2 Ne3+ 31. fxe3 Qe2+ 32. Kh3 Nc6 33. Qh6+ Ke7 34. Qf6+ Kd7 35. Qf7+ Ne7 36. Qxe6+ Ke8 37. Nd4 Qf1+ 38. Kg4 Qd1+ 39. Kg5 1-0

[Event "Jakarta Gunadarma"]
[Site "Jakarta"]
[Date "2018.07.25"]
[Round "6"]
[White "Hendry, Y Heriyanto"]
[Black "Gunawan, Johan"]
[Result "0-1"]
[WhiteElo "2017"]
[BlackElo "2261"]
[PlyCount "78"]
[EventDate "2018.07.20"]
[EventType "tourn"]
[EventRounds "10"]
[EventCountry "INA"]
[SourceTitle "CBM 186 Extra"]
[Source "ChessBase"]
[SourceDate "2018.08.24"]
[SourceVersion "1"]
[SourceVersionDate "2018.08.24"]
[SourceQuality "1"]

1. Nf3 Nf6 2. g3 g6 3. Bg2 Bg7 4. d4 0-0 5. 0-0 d6 6. c4 Bg4 7. Qb3 Qc8 8. Nc3 Nc6 9. Be3 Nd7 10. h3 Bxf3 11. Bxf3 e5 12. Bxc6 bxc6 13. d5 c5 14. Kh2 f5 15. Bd2 e4 16. Qc2 Nf6 17. Rg1 Qd7 18. Raf1 Rae8 19. Bg5 Nh5 20. Qd2 Rf7 21. Nb5 Re5 22. Bf4 Nxf4 23. gxf4 Re8 24. e3 Rb8 25. Qa5 Qc8 26. b3 Qb7 27. Qxa7 Qxa7 28. Nxa7 Ra8 29. Nb5 Rxa2 30. Kg3 Bf6 31. h4 h6 32. Kh3 Rg7 33. Rg2 g5 34. Rg3 g4+ 35. Kh2 Bxh4 36. Rg2 Rxf2 37. Ra1 Rf3 38. Ra8+ Kh7 39. Rf8 Bf2 0-1

[Event "Jakarta op"]
[Site "Jakarta"]
[Date "2018.07.02"]
[Round "7"]
[White "Mahmud, Syarif"]
[Black "Gunawan, Johan"]
[Result "0-1"]
[WhiteElo "2159"]
[BlackElo "2261"]
[PlyCount "26"]
[EventDate "2018.06.29"]
[EventType "swiss"]
[EventRounds "9"]
[EventCountry "INA"]
[SourceTitle "CBM 185 Extra"]
[Source "ChessBase"]
[SourceDate "2018.07.29"]
[SourceVersion "1"]
[SourceVersionDate "2018.07.29"]
[SourceQuality "1"]

1. d4 Nf6 2. c4 g6 3. Nc3 Bg7 4. e4 d6 5. Nf3 0-0 6. Be2 Bg4 7. Be3 Nfd7 8. 0-0 Bxf3 9. Bxf3 Nc6 10. d5 Na5 11. Be2 Bxc3 12. bxc3 e6 13. Qa4 b6 0-1

[Event "Jakarta op"]
[Site "Jakarta"]
[Date "2018.06.30"]
[Round "2"]
[White "Gunawan, Johan"]
[Black "Latifah, Laysa"]
[Result "0-1"]
[WhiteElo "2261"]
[BlackElo "1924"]
[PlyCount "80"]
[EventDate "2018.06.29"]
[EventType "swiss"]
[EventRounds "9"]
[EventCountry "INA"]
[SourceTitle "CBM 185 Extra"]
[Source "ChessBase"]
[SourceDate "2018.07.29"]
[SourceVersion "1"]
[SourceVersionDate "2018.07.29"]
[SourceQuality "1"]

1. d4 d5 2. Bf4 Nf6 3. e3 e6 4. Nf3 Be7 5. c4 c5 6. Nc3 Nc6 7. dxc5 Bxc5 8. a3 a5 9. Rc1 Be7 10. Nb5 0-0 11. Bc7 Qd7 12. Bd3 Ne8 13. Bg3 Nd6 14. Nxd6 Bxd6 15. Bxh7+ Kxh7 16. Ng5+ Kg6 17. Qg4 f5 18. Qh4 Ne5 19. Qh7+ Kf6 20. Bh4 Ng6 21. c5 Be7 22. Qh5 Rh8 23. Nf3+ Nxh4 24. Qxh8 Ng6 25. Qh5 Qa4 26. h3 e5 27. g4 Qe4 28. Rg1 f4 29. Nd2 Qa4 30. Nf3 Qe4 31. Kf1 Bd7 32. c6 bxc6 33. exf4 Nxf4 34. Qg5+ Kf7 35. Rg3 Qe2+ 36. Kg1 Bxg5 37. Nxg5+ Kg6 38. Nf3 Qe4 39. Re1 Ne2+ 40. Kg2 Nxg3 0-1

[Event "Jakarta Indonesia op 2nd"]
[Site "Jakarta"]
[Date "2012.10.15"]
[Round "6"]
[White "Jamaludin, Azizulzaman"]
[Black "Gunawan, Johan"]
[Result "1/2-1/2"]
[WhiteElo "2174"]
[BlackElo "2276"]
[PlyCount "101"]
[EventDate "2012.10.11"]
[EventType "swiss"]
[EventRounds "9"]
[EventCountry "INA"]
[SourceTitle "EXT 2013"]
[Source "ChessBase"]
[SourceDate "2012.11.22"]
[SourceVersion "1"]
[SourceVersionDate "2012.11.22"]
[SourceQuality "1"]

1. e4 Nf6 2. e5 Nd5 3. d4 d6 4. exd6 exd6 5. Nf3 Be7 6. Bd3 0-0 7. 0-0 Nc6 8. h3 Ndb4 9. Be2 Bf5 10. Na3 Be4 11. c3 Nd5 12. Bd3 Bxd3 13. Qxd3 Qd7 14. Bd2 Rfe8 15. Qb5 Nb6 16. d5 Nb8 17. Qd3 Bf6 18. Bg5 Qd8 19. Bxf6 Qxf6 20. Nb5 Na6 21. b4 Qg6 22. Qxg6 hxg6 23. Rfd1 Rec8 24. a4 Nb8 25. a5 N6d7 26. c4 a6 27. Nc3 Nf6 28. c5 Nbd7 29. Na4 Rd8 30. Rac1 Rab8 31. Nb2 Nf8 32. cxd6 Rxd6 33. Rxc7 Rxd5 34. Rdc1 Ne6 35. Rc8+ Rd8 36. Rxb8 Rxb8 37. Nd3 Nd5 38. Rb1 Nc3 39. Rb3 Nb5 40. Rb1 f6 41. g3 Rd8 42. Nfe1 Nc3 43. Rb2 Nd4 44. Nc5 Re8 45. Ned3 Re7 46. Kg2 Kf7 47. Nb3 Nc6 48. Nbc5 g5 49. Rd2 Kg6 50. Nb2 Na2 51. Nbd3 1/2-1/2

[Event "Jakarta Indonesia op 2nd"]
[Site "Jakarta"]
[Date "2012.10.15"]
[Round "7"]
[White "Sadikin The, Irwanto"]
[Black "Gunawan, Johan"]
[Result "1-0"]
[WhiteElo "2412"]
[BlackElo "2276"]
[PlyCount "81"]
[EventDate "2012.10.11"]
[EventType "swiss"]
[EventRounds "9"]
[EventCountry "INA"]
[SourceTitle "EXT 2013"]
[Source "ChessBase"]
[SourceDate "2012.11.22"]
[SourceVersion "1"]
[SourceVersionDate "2012.11.22"]
[SourceQuality "1"]

1. d4 Nf6 2. Nf3 e6 3. c4 Bb4+ 4. Bd2 Qe7 5. g3 b6 6. Bg2 Bb7 7. 0-0 Bxd2 8. Qxd2 d6 9. Nc3 Ne4 10. Qc2 Nxc3 11. Qxc3 Nd7 12. Ne1 Bxg2 13. Nxg2 0-0 14. e4 c5 15. d5 Qf6 16. Qxf6 Nxf6 17. dxe6 fxe6 18. f3 Rad8 19. Rad1 Kf7 20. Ne3 Ke7 21. Kg2 Nd7 22. f4 Nb8 23. f5 Nc6 24. b3 Nd4 25. Rd2 a6 26. g4 Rb8 27. Rdf2 e5 28. Nd5+ Kd7 29. f6 g6 30. f7 Kc6 31. h4 b5 32. g5 bxc4 33. bxc4 Rb7 34. Kg3 Rd7 35. Kg4 Rb7 36. h5 Rd7 37. hxg6 hxg6 38. Rb1 Rdxf7 39. Rb6+ Kd7 40. Rb7+ Ke6 41. Rf6+ 1-0

[Event "Jakarta Indonesia op 2nd"]
[Site "Jakarta"]
[Date "2012.10.11"]
[Round "1"]
[White "Gunawan, Johan"]
[Black "Megaranto, Susanto"]
[Result "0-1"]
[WhiteElo "2276"]
[BlackElo "2532"]
[PlyCount "74"]
[EventDate "2012.10.11"]
[EventType "swiss"]
[EventRounds "9"]
[EventCountry "INA"]
[SourceTitle "EXT 2013"]
[Source "ChessBase"]
[SourceDate "2012.11.22"]
[SourceVersion "1"]
[SourceVersionDate "2012.11.22"]
[SourceQuality "1"]

1. d4 Nf6 2. Nf3 b6 3. Bf4 Bb7 4. e3 g6 5. h3 Bg7 6. Nbd2 0-0 7. Bc4 c5 8. c3 d6 9. 0-0 Nbd7 10. Re1 a6 11. a4 d5 12. Ba2 b5 13. Ne5 c4 14. Bb1 Nb6 15. Bc2 Ne4 16. f3 Nxd2 17. Qxd2 f6 18. Ng4 Nxa4 19. Bxa4 bxa4 20. Bh6 Bc6 21. e4 Ra7 22. Bxg7 Kxg7 23. Qh6+ Kg8 24. h4 dxe4 25. fxe4 Qe8 26. d5 Bd7 27. Ne3 Rb7 28. e5 fxe5 29. Nxc4 Bf5 30. Nxe5 Qb5 31. Nc6 e6 32. Rad1 Qc5+ 33. Kh1 Rxb2 34. Nd4 Qxd5 35. Nf3 Qb7 36. Rd4 Bh3 37. Rd2 Bxg2+ 0-1

[Event "Jakarta Indonesia op 1st"]
[Site "Jakarta"]
[Date "2011.10.16"]
[Round "5"]
[White "Gunawan, Johan"]
[Black "Aulia, Medina Warda"]
[Result "1-0"]
[WhiteElo "2308"]
[BlackElo "2112"]
[PlyCount "59"]
[EventDate "2011.10.13"]
[EventType "swiss"]
[EventRounds "9"]
[EventCountry "INA"]
[SourceTitle "EXT 2012"]
[Source "ChessBase"]
[SourceDate "2011.11.24"]
[SourceVersion "1"]
[SourceVersionDate "2011.11.24"]
[SourceQuality "1"]

1. d4 Nf6 2. c4 e6 3. Nc3 Bb4 4. e3 c5 5. Bd3 Nc6 6. Nge2 d5 7. a3 cxd4 8. exd4 Be7 9. 0-0 0-0 10. Bf4 b6 11. Rc1 Bb7 12. cxd5 Nxd5 13. Bg3 Nxc3 14. Rxc3 Rc8 15. Be4 Na5 16. Bxb7 Nxb7 17. Rxc8 Qxc8 18. Qa4 Na5 19. Rc1 Qa6 20. Nc3 Rc8 21. h3 h6 22. b4 Bg5 23. f4 Qd3 24. Kh2 Qe3 25. Re1 Qxc3 26. fxg5 Qxd4 27. Rd1 Qc4 28. Qd7 Nb3 29. g6 Rf8 30. Bd6 1-0

[Event "Jakarta Indonesia op 1st"]
[Site "Jakarta"]
[Date "2011.10.14"]
[Round "3"]
[White "Gunawan, Johan"]
[Black "Pamungkas, Junaid Jaya"]
[Result "1/2-1/2"]
[WhiteElo "2308"]
[BlackElo "2240"]
[PlyCount "107"]
[EventDate "2011.10.13"]
[EventType "swiss"]
[EventRounds "9"]
[EventCountry "INA"]
[SourceTitle "EXT 2012"]
[Source "ChessBase"]
[SourceDate "2011.11.24"]
[SourceVersion "1"]
[SourceVersionDate "2011.11.24"]
[SourceQuality "1"]

1. d4 Nf6 2. Nf3 b6 3. c4 Bb7 4. Nc3 e6 5. a3 Be7 6. g3 0-0 7. Bg2 Ne4 8. Qc2 Nxc3 9. Qxc3 f5 10. 0-0 Bf6 11. b3 c5 12. Bb2 Be4 13. Qd2 Nc6 14. e3 Na5 15. Qd1 d5 16. Rc1 Rc8 17. Bc3 dxc4 18. Bxa5 bxa5 19. Rxc4 cxd4 20. Nxd4 Bxg2 21. Rxc8 Qxc8 22. Kxg2 Rd8 23. Qc1 Qxc1 24. Rxc1 Bxd4 25. exd4 Rxd4 26. Rc8+ Kf7 27. Rc7+ Kf6 28. Rxa7 Rd3 29. Rxa5 Rxb3 30. h4 g5 31. hxg5+ Kxg5 32. Ra8 h5 33. a4 h4 34. gxh4+ Kxh4 35. a5 Kg5 36. Rg8+ Kf4 37. Rg3 Rb7 38. a6 Ra7 39. Ra3 Rg7+ 40. Kf1 Ra7 41. Ke2 Ke4 42. Ra4+ Kd5 43. Kd3 Kc5 44. Ra1 e5 45. Ra5+ Kb6 46. Rxe5 Kxa6 47. Kc4 Rd7 48. Rd5 Rf7 49. f4 Kb6 50. Kd4 Kc6 51. Ra5 Kd6 52. Ra6+ Ke7 53. Ke5 Kf8 54. Rf6 1/2-1/2

[Event "Jakarta Indonesia op 1st"]
[Site "Jakarta"]
[Date "2011.10.14"]
[Round "2"]
[White "Hidayat, Arifin"]
[Black "Gunawan, Johan"]
[Result "1-0"]
[WhiteElo "2159"]
[BlackElo "2308"]
[PlyCount "43"]
[EventDate "2011.10.13"]
[EventType "swiss"]
[EventRounds "9"]
[EventCountry "INA"]
[SourceTitle "EXT 2012"]
[Source "ChessBase"]
[SourceDate "2011.11.24"]
[SourceVersion "1"]
[SourceVersionDate "2011.11.24"]
[SourceQuality "1"]

1. b3 d5 2. Bb2 Nf6 3. e3 e6 4. f4 Bd6 5. Nf3 0-0 6. Bd3 c5 7. 0-0 Nc6 8. Ne5 g6 9. Qf3 Nd7 10. Ng4 d4 11. Bb5 Kh8 12. Na3 f5 13. Nf2 Be7 14. c3 Bf6 15. e4 a6 16. Be2 b5 17. e5 Be7 18. cxd4 cxd4 19. Nc2 Ra7 20. a4 Rc7 21. Bd3 Bb7 22. Qg3 1-0

[Event "Jakarta Telin op"]
[Site "Jakarta"]
[Date "2011.04.06"]
[Round "8"]
[White "Barus, Cerdas"]
[Black "Gunawan, Johan"]
[Result "1-0"]
[WhiteElo "2443"]
[BlackElo "2269"]
[PlyCount "95"]
[EventDate "2011.04.01"]
[EventType "swiss"]
[EventRounds "9"]
[EventCountry "INA"]
[SourceTitle "CBM 141 Extra"]
[Source "ChessBase"]
[SourceDate "2011.05.03"]
[SourceVersion "1"]
[SourceVersionDate "2011.05.03"]
[SourceQuality "1"]

1. d4 d5 2. c4 c6 3. Nf3 e6 4. Qc2 Nf6 5. Bg5 Nbd7 6. e3 Bd6 7. Nc3 0-0 8. cxd5 exd5 9. Bd3 Qb6 10. 0-0 Re8 11. Rab1 Qc7 12. b4 a6 13. a4 b6 14. Rfc1 Bb7 15. e4 dxe4 16. Nxe4 Nxe4 17. Bxe4 h6 18. Bh4 Rac8 19. Rd1 Nf8 20. a5 b5 21. Bf5 Ne6 22. Re1 Qd7 23. Qb3 Bf8 24. h3 Qd5 25. Bxe6 Rxe6 26. Rxe6 fxe6 27. Qe3 Re8 28. Bg3 Bc8 29. Be5 Bd6 30. Bxd6 Qxd6 31. Qc3 Bd7 32. Re1 Re7 33. Ne5 Be8 34. Re3 Qd5 35. Nd3 Qd8 36. Nc5 Qc8 37. Re5 Bf7 38. Qe3 Re8 39. Qe4 Re7 40. Qg4 Re8 41. Re3 Re7 42. Rg3 Be8 43. Qf4 Kh7 44. Qd6 Rf7 45. Qxe6 Qxe6 46. Nxe6 Rf6 47. Re3 Kg8 48. Nc5 1-0

[Event "Jakarta Telin op"]
[Site "Jakarta"]
[Date "2011.04.04"]
[Round "5"]
[White "Gunawan, Ronny"]
[Black "Gunawan, Johan"]
[Result "0-1"]
[WhiteElo "2420"]
[BlackElo "2269"]
[PlyCount "76"]
[EventDate "2011.04.01"]
[EventType "swiss"]
[EventRounds "9"]
[EventCountry "INA"]
[SourceTitle "CBM 141 Extra"]
[Source "ChessBase"]
[SourceDate "2011.05.03"]
[SourceVersion "1"]
[SourceVersionDate "2011.05.03"]
[SourceQuality "1"]

1. b4 a5 2. b5 d5 3. Nf3 c5 4. e3 Nf6 5. Be2 e6 6. 0-0 Bd6 7. Bb2 Nbd7 8. d3 b6 9. Nbd2 Bb7 10. c4 0-0 11. Rc1 Rc8 12. a4 Re8 13. Qb3 Bb8 14. Rfd1 e5 15. cxd5 Nxd5 16. Bf1 Qf6 17. e4 Nb4 18. Nc4 Rcd8 19. Be2 Nf8 20. g3 Nd7 21. Nh4 Qe6 22. Nf5 Nf6 23. Rf1 Bc7 24. Rcd1 Rd7 25. f3 Red8 26. Qc3 Nfd5 27. Qc1 Ne7 28. Nxe7+ Rxe7 29. Qc3 f5 30. Ne3 g6 31. f4 Rd4 32. Qc1 exf4 33. Bxd4 cxd4 34. Ng2 Na2 35. Qd2 fxg3 36. Bf3 fxe4 37. dxe4 Nc3 38. Rde1 Qh3 0-1